| 000 | 00657cam a22001811 4500 | ||
|---|---|---|---|
| 001 | 3637655 | ||
| 003 | OSt | ||
| 005 | 20131123102730.0 | ||
| 008 | 771031m1971 slv spa | ||
| 040 |
_aDLC _cBMC _dDLC |
||
| 082 | _a972.84052 | ||
| 100 | 1 |
_93229 _aSánchez Hernández, Fidel _d1917-2003 |
|
| 245 | 1 | 0 |
_aDiscursos del Señor Presidente de la República _cGeneral Fidel Sánchez Hernández _nTomo IV _pJulio 1°. 1970 - septiembre 30 1971 |
| 260 |
_aSan Salvador _bCasa Presidencial, Publicaciones del Departamento de Relaciones Públicas _c[1972?] |
||
| 300 |
_a126 p. _c24 cm |
||
| 651 | 2 | 4 |
_93231 _aEl Salvador _xHistoria _y1967-1972 |
| 942 |
_2ddc _cBK |
||
| 999 |
_c1920 _d1920 |
||